000 00516nam a2200181Ia 4500
001 20816
005 20260306172833.0
008 260306t2020||||xx |||||||||||||| ||spa||
041 _aESP
082 _a343.8
_bC534
100 _aChávez Hurtado, Joaquín M.,
_eAUT
245 0 _aIncremento patrimonial no justificado de personas naturales/ Tratamiento tributario de rentas de personas naturales
260 _c2020
300 _a64 páginas :
_c
650 _aGEN
654 _aCDE
942 _cLIB
_dJUS
_fJUS
_2ddc
_n
999 _c20816
_d20816